000
00231nam a22000857a 4500
008
160917b xxu||||| |||| 00| 0 eng d
100
_9
653
_a
Bhattacharya.B
245
_a
Our Social Panorama.III
260
_a
New Delhi
_b
AP Publications
_c
2011
999
_c
3310
_d
3310